Adana Demirspor Squad 2023-2024 - Statistics

General Stats
  • This quiz has been taken 25 times
    22 since last reset
  • The average score is 17 of 46
Answer Stats
# Position Nation Player % Correct
99 FW Italy Mario Balotelli
86%
22 DF Norway Jonas Svensson
71%
7 FW Turkey Yusuf Sarı
71%
10 MF Morocco Younès Belhanda
67%
25 GK Turkey Ertaç Özbir
57%
30 FW Portugal Nani
57%
5 DF Guadeloupe Andreaw Gravillon
52%
58 MF Angola Maestro
52%
4 DF Turkey Semih Güler
52%
- Coach Turkey Hikmet Karaman
48%
15 DF North Macedonia Jovan Manev
48%
9 FW Senegal M'Baye Niang
48%
- Coach Netherlands Patrick Kluivert
48%
56 FW Turkey Yusuf Barası
48%
17 MF Senegal Badou Ndiaye
43%
20 MF France Edouard Michut
43%
8 MF Turkey Emre Akbaba
43%
66 DF Senegal Pape Abou Cissé
43%
39 GK Turkey Vedat Karakuş
43%
31 DF Algeria Youcef Atal
43%
77 DF Portugal Kévin Rodrigues
38%
11 FW Colombia Stiven Mendoza
38%
32 FW Turkey Yusuf Erdoğan
38%
17 FW Kazakhstan Abat Aymbetov
33%
14 MF Spain José Rodríguez
33%
13 DF Iran Milad Mohammadi
33%
3 DF Turkey Abdurrahim Dursun
29%
10 FW France Nabil Alioui
29%
6 MF Turkey Tayfun Aydoğan
29%
90 MF France Benjamin Stambouli
24%
11 FW Nigeria David Akintola
24%
2 DF Turkey İsmail Çokçalış
24%
77 FW Tunisia Motez Nourani
24%
23 FW Kosovo Arbër Zeneli
19%
93 FW France Breyton Fougeu
19%
26 MF Turkey Dorukhan Toköz
19%
94 FW Bosnia and Herzegovina Hamza Jaganjac
19%
71 GK Azerbaijan Shahrudin Mahammadaliyev
19%
21 DF Turkey Abdulsamet Burak
14%
29 FW Switzerland Florent Shehu
14%
16 MF Turkey İzzet Çelik
14%
60 FW Turkey Ozan Demirbağ
14%
- Coach Turkey Serkan Damla
14%
24 DF Turkey Burhan Ersoy
10%
19 MF Turkey Mustafa Kapı
10%
1 GK Turkey Yılmaz Aktaş
10%
No matching quizzes found
Score Distribution
Percent of People with Each Score
Percentile by Number Answered
Your Score History
You have not taken this quiz since the last reset